000 00486nam a2200181Ia 4500
003 GCL
008 140319s9999 xx 000 0 eng d
040 _aGCL /
_cGCL
082 0 4 _a617.158
_bT F
100 1 _aTILE, MARVIN
245 1 0 _aFRACTURE OF THE PELVIS AND ACETABULUM /
_cTILE, MARVIN
260 _a[S.N] :
_bWILLIAMS & WILKINS ،
_c1995
300 _a480 P
650 0 4 _aFRACTURES
650 0 4 _aPELVIC BONES - FRACTURES
650 0 4 _aACETABULUM (ANATOMY)
942 _2ddc
_cBK
999 _c11835
_d11835